Therapeutic potential of medicinal plants: Immune homeostasis strengtheners (Record no. 311782)
[ view plain ]
| 000 -LEADER | |
|---|---|
| fixed length control field | 00617 a2200217 4500 |
| 005 - DATE & TIME | |
| control field | 20240430144615.0 |
| 008 - FIXED-LENGTH DATA ELEMENTS--GENERAL INFORMATION | |
| fixed length control field | 240422b |||||||| |||| 00| 0 eng d |
| 020 ## - ISBN | |
| International Standard Book Number | 9789354660276 |
| Price | Rs. 395.00 |
| 040 ## - CATALOGING SOURCE | |
| Original cataloging agency | VIVEKANANDA LIBRARY |
| 082 ## - DDC NUMBER | |
| Classification number | 615.321 |
| Book Number | M299T |
| 100 ## - MAIN ENTRY--PERSONAL NAME | |
| Personal name | Malviya, Neelesh |
| 245 ## - TITLE STATEMENT | |
| Title | Therapeutic potential of medicinal plants: Immune homeostasis strengtheners |
| 260 ## - PUBLICATION, DISTRIBUTION, ETC. (IMPRINT) | |
| Name of publisher, distributor, etc | CBS Publishers and Distributors |
| Date of publication, distribution, etc | 2023 |
| Place of publication, distribution, etc | New Delhi |
| 300 ## - PHYSICAL DESCRIPTION | |
| Pages | ix, 169 |
| 650 ## - Subject | |
| Subject | Pharmacy |
| 650 ## - Subject | |
| Subject | Medicinal Plants |
| 700 ## - Added Entry Personal Name | |
| Added Entry Personal Name | Saxena, Rajiv |
| 700 ## - Added Entry Personal Name | |
| Added Entry Personal Name | Gupta, Ruchi |
| 700 ## - Added Entry Personal Name | |
| Added Entry Personal Name | Patidar, Archana |
| 942 ## - ADDED ENTRY ELEMENTS (KOHA) | |
| Koha item type | Books |
| Withdrawn status | Lost status | Source of classification or shelving scheme | Damaged status | Not for loan | Location (home branch) | Sublocation or collection (holding branch) | Date acquired | Koha issues (times borrowed) | Koha full call number | Accession No. | Koha date last seen | Koha item type |
|---|---|---|---|---|---|---|---|---|---|---|---|---|
| Dewey Decimal Classification | VIVEKANANDA LIBRARY | VIVEKANANDA LIBRARY | 14/03/2024 | 615.321 M299T | 440564 | 14/03/2024 | Books |
